<?xml version="1.0" encoding="UTF-8"?><marc:collection xmlns:marc="http://www.loc.gov/MARC21/slim">
  <marc:record>
    <marc:leader>00000nam##2200000za#4500</marc:leader>
    <marc:controlfield tag="001">9.640474</marc:controlfield>
    <marc:controlfield tag="003">CaOODSP</marc:controlfield>
    <marc:controlfield tag="005">20210624222703</marc:controlfield>
    <marc:controlfield tag="007">cr |||||||||||</marc:controlfield>
    <marc:controlfield tag="008">150407|1992||||xxc|||||o    f|0| 0 fre|d</marc:controlfield>
    <marc:datafield tag="040" ind1=" " ind2=" ">
      <marc:subfield code="a">CaOODSP</marc:subfield>
      <marc:subfield code="b">fre</marc:subfield>
    </marc:datafield>
    <marc:datafield tag="043" ind1=" " ind2=" ">
      <marc:subfield code="a">n-cn---</marc:subfield>
    </marc:datafield>
    <marc:datafield tag="086" ind1="1" ind2=" ">
      <marc:subfield code="a">H39-241/1992F-PDF</marc:subfield>
    </marc:datafield>
    <marc:datafield tag="110" ind1="1" ind2=" ">
      <marc:subfield code="a">Canada.</marc:subfield>
      <marc:subfield code="b">Santé Canada. </marc:subfield>
      <marc:subfield code="b">Direction générale des services et de la promotion de la santé.</marc:subfield>
    </marc:datafield>
    <marc:datafield tag="245" ind1="1" ind2="0">
      <marc:subfield code="a">L'efficacité des programmes de prévention et de réhabilitation de l'alcoolisme et d'autres toxicomanies : </marc:subfield>
      <marc:subfield code="h">[ressource électronique]</marc:subfield>
      <marc:subfield code="b">sommaire des évaluations : rapport de base de la Stratégie canadienne antidrogue / </marc:subfield>
      <marc:subfield code="c">par Marc Eliany et Brian Rush. </marc:subfield>
    </marc:datafield>
    <marc:datafield tag="246" ind1="1" ind2="7">
      <marc:subfield code="a">Rapport de base de la Stratégie canadienne antidrogue</marc:subfield>
    </marc:datafield>
    <marc:datafield tag="260" ind1=" " ind2=" ">
      <marc:subfield code="a">Ottawa - Ontario : </marc:subfield>
      <marc:subfield code="b">Santé Canada. </marc:subfield>
      <marc:subfield code="c">Janvier 1992.</marc:subfield>
    </marc:datafield>
    <marc:datafield tag="300" ind1=" " ind2=" ">
      <marc:subfield code="a">130p.</marc:subfield>
      <marc:subfield code="b">figure, références</marc:subfield>
    </marc:datafield>
    <marc:datafield tag="500" ind1=" " ind2=" ">
      <marc:subfield code="a">Le n° de catalogue (H39-241/1992F) et l'ISBN (0-662-97301-1) de l'édition imprimée ont été incorrectement copiés dans cette édition électronique.</marc:subfield>
    </marc:datafield>
    <marc:datafield tag="520" ind1="3" ind2=" ">
      <marc:subfield code="a">«Voici le troisième d'une série de rapports de base rédigés à la demande du Comité fédéral-provincial sur l'alcool et les autres drogues dans le cadre de la Stratégie canadienne antidrogue. Les deux premiers rapports, 'L'alcool au Canada' et 'Les drogues licites et illicites au Canada' ont été préparés par la Direction de la promotion de la santé afin de fournir aux Canadiens des renseignements utiles et précis sur la nature, l'étendue, l'évolution et les conséquences de la consommation d'alcool et d'autres drogues. Le présent rapport résume les évaluations des programmes de prévention et de réhabilitation de l'alcoolisme et des autres toxicomanies dans l'ensemblre du Canada.»--Préface, p.4 de 130.</marc:subfield>
    </marc:datafield>
    <marc:datafield tag="590" ind1=" " ind2=" ">
      <marc:subfield code="a">12-30-Supp</marc:subfield>
      <marc:subfield code="b">2012-06-28</marc:subfield>
    </marc:datafield>
    <marc:datafield tag="691" ind1="0" ind2="7">
      <marc:subfield code="a">Prévention de l'alcoolisme</marc:subfield>
      <marc:subfield code="2">gcpds</marc:subfield>
    </marc:datafield>
    <marc:datafield tag="691" ind1="0" ind2="7">
      <marc:subfield code="a">Prévention de la toxicomanie</marc:subfield>
      <marc:subfield code="2">gcpds</marc:subfield>
    </marc:datafield>
    <marc:datafield tag="720" ind1="1" ind2=" ">
      <marc:subfield code="a">Eliany, Marc</marc:subfield>
    </marc:datafield>
    <marc:datafield tag="720" ind1="1" ind2=" ">
      <marc:subfield code="a">Rush, Brian</marc:subfield>
    </marc:datafield>
    <marc:datafield tag="775" ind1="0" ind2="8">
      <marc:subfield code="t">How effective are alcohol and other drug prevention and treatment programs? : </marc:subfield>
      <marc:subfield code="w">(CaOODSP)9.696358</marc:subfield>
    </marc:datafield>
    <marc:datafield tag="776" ind1="0" ind2="#">
      <marc:subfield code="t">L'efficacité des programmes de prévention et de réhabilitation de l'alcoolisme et d'autres toxicomanies : </marc:subfield>
      <marc:subfield code="w">(CaOODSP)9.678840</marc:subfield>
    </marc:datafield>
    <marc:datafield tag="856" ind1="4" ind2="0">
      <marc:subfield code="a">http://publications.gc.ca</marc:subfield>
      <marc:subfield code="q">PDF</marc:subfield>
      <marc:subfield code="s">978 Ko</marc:subfield>
      <marc:subfield code="u">https://publications.gc.ca/collections/Collection/H39-241-1992F.pdf</marc:subfield>
    </marc:datafield>
  </marc:record>
</marc:collection>
